Statistics for Billboard Top 10 Songs - Week of September 17, 2016

Click here to take the quiz!

General Stats

  • This quiz has been taken 130 times
  • The average score is 7 of 10

Answer Stats

Artist Song % Correct
The Chainsmokers ft. HalseyCloser
96%
Major Lazer ft. Justin Bieber & MØCold Water
83%
The Chainsmokers ft. DayaDon't Let Me Down
74%
twenty one pilotsHeathens
73%
Sia ft. Sean PaulCheap Thrills
72%
Shawn MendesTreat You Better
72%
Calvin Harris ft. RihannaThis Is What You Came For
69%
twenty one pilotsRide
66%
Drake ft. WizKid & KylaOne Dance
58%
RihannaNeeded Me
35%

Score Distribution

Percentile by Number Answered

Percent of People with Each Score

Your Score History

You have not taken this quiz